[Event "World Youth U16 Olympiad"]
[Site "Gyor HUN"]
[Date "2014.12.14"]
[Round "2.9"]
[Board "1"]
[White "Dankhazi, Andras"]
[Black "Sanal, Vahap"]
[Result "1-0"]
[BlackTitle "IM"]
[WhiteElo "2237"]
[BlackElo "2452"]
[WhiteTeam "Hungary 3"]
[BlackTeam "Turkey"]
[WhiteFideId "714267"]
[BlackFideId "6300545"]
[EventDate "2014.12.13"]

1. e4 e5 2. Nf3 Nc6 3. Nc3 Nf6 4. d4 exd4 5. Nxd4 Bb4 6. Nxc6 bxc6 7. Bd3 d5 8.
exd5 O-O 9. O-O cxd5 10. h3 c6 11. Qf3 Re8 12. Bf4 Bd6 13. Rfe1 Be6 14. Bxd6
Qxd6 15. Ne2 c5 16. c3 Rab8 17. b3 a5 18. Nf4 Bd7 19. Nh5 Nxh5 20. Qxh5 g6 21.
Qg5 Kg7 22. Rxe8 Rxe8 23. Rd1 Bc6 24. Qd2 Qe5 25. a3 d4 26. cxd4 cxd4 27. Bf1
Rd8 28. b4 a4 29. Qc2 Rd6 30. Qc5 Qxc5 31. bxc5 Rd8 32. f4 Be4 33. Kf2 Kf6 34.
Bc4 h5 35. h4 Kf5 36. g3 Bc2 37. Rd2 Bb3 38. Bd3+ Ke6 39. Be4 Bc4 40. c6 f5 41.
Bg2 d3 42. Bf1 Rc8 43. Ke3 Rxc6 44. Bxd3 Bb3 45. Bb5 Rc5 46. Bd7+ Ke7 47. Rd4
Ra5 48. Bc6 Ra7 49. Bb5 Ra5 50. Bc6 Bc2 51. Rd7+ Ke6 52. Rd4 Ra6 53. Bb5 Ra7 54.
Be8 Kf6 55. Bb5 Bb3 56. Rd6+ Ke7 57. Rxg6 Kf7 58. Rh6 Kg7 59. Rxh5 Be6 60. Rg5+
Kf6 61. Bd3 Rc7 62. Kd2 Rd7 63. Kc3 Rc7+ 64. Kd2 Rd7 65. Kc3 Rc7+ 66. Kb4 Rd7
67. Bb5 Rd4+ 68. Ka5 Bb3 69. h5 Bd1 70. Rg6+ Kf7 71. Rg5 Kf6 72. Be8 Rd5+ 73.
Kb4 Rd4+ 74. Kc3 Rd8 75. Bg6 Rc8+ 76. Kd2 Rd8+ 77. Kc3 Rc8+ 78. Kd2 Rd8+ 79. Ke3
Bg4 80. h6 Rh8 81. Bh5 Rxh6 82. Bxg4 fxg4 83. Rxg4 Rh1 84. Rg5 Ra1 85. Kf3 Rxa3+
86. Kg4 Rb3 87. Ra5 a3 88. Ra6+ Kf7 89. Kh4 Rf3 90. Kg4 Rb3 91. Kh4 Rf3 92. Ra4
Ke6 93. g4 Kd5 94. Kg5 Kc5 95. f5 Kb5 96. Ra8 Kb4 97. Kg6 Kb3 98. g5 a2 99. f6
Kb2 100. f7 Rf1 101. Rxa2+ 1-0

[Event "World Youth U16 Olympiad"]
[Site "Gyor HUN"]
[Date "2014.12.14"]
[Round "2.9"]
[Board "2"]
[White "Ali Marandi, Cemil Can"]
[Black "Peczely, Sebastian Zsombor"]
[Result "1-0"]
[WhiteTitle "IM"]
[WhiteElo "2423"]
[BlackElo "2197"]
[WhiteTeam "Turkey"]
[BlackTeam "Hungary 3"]
[WhiteFideId "6300529"]
[BlackFideId "750964"]
[EventDate "2014.12.13"]

1. e4 e5 2. Nf3 Nc6 3. Bb5 a6 4. Ba4 Nge7 5. c3 g6 6. d4 exd4 7. cxd4 b5 8. Bc2
d5 9. exd5 Nxd5 10. O-O Bg7 11. Nc3 Nxc3 12. bxc3 O-O 13. Be4 Bb7 14. Re1 Na5
15. Bg5 Qc8 16. Bxb7 Nxb7 17. Qd3 c5 18. Re7 cxd4 19. cxd4 Nc5 20. Qe3 Qf5 21.
Bh6 Ne6 22. Bxg7 Kxg7 23. Re1 Kf6 24. Qa3 Qd5 25. Ne5 Rae8 26. Nd7+ Kg7 27.
R1xe6 Rxe7 28. Qxe7 Rc8 29. Re1 Qxd4 30. h3 a5 31. Ne5 Rf8 32. Nf3 Qb2 33. Ng5
Kg8 34. Nxh7 Rc8 35. Nf6+ Kg7 36. Ne8+ Kg8 37. Nd6 Rf8 38. Qe5 1-0

[Event "World Youth U16 Olympiad"]
[Site "Gyor HUN"]
[Date "2014.12.14"]
[Round "2.9"]
[Board "3"]
[White "Marosi, Levente"]
[Black "Tuncer, Tuna"]
[Result "1/2-1/2"]
[WhiteElo "2211"]
[BlackElo "2210"]
[WhiteTeam "Hungary 3"]
[BlackTeam "Turkey"]
[WhiteFideId "747181"]
[BlackFideId "6349269"]
[EventDate "2014.12.13"]

1. e4 c5 2. Nf3 Nc6 3. d4 cxd4 4. Nxd4 Nf6 5. Nc3 e5 6. Ndb5 d6 7. Bg5 a6 8. Na3
b5 9. Nd5 Be7 10. Bxf6 Bxf6 11. c4 b4 12. Nc2 O-O 13. g3 Bg5 14. Bg2 Qa5 15. O-O
Be6 16. b3 Qc5 17. Qd3 Rfb8 18. h4 Bh6 19. Rfd1 Rb7 20. a4 a5 21. Qf3 Ne7 22.
Nxe7+ Rxe7 23. Rd3 Rf8 24. Ne3 Bxe3 25. Qxe3 Qxe3 26. Rxe3 Rd8 27. Rd1 Rc7 28.
Red3 Rc6 29. f4 f6 30. Kh2 Kf8 31. fxe5 fxe5 32. Bh3 Bf7 33. Bf5 Ke7 34. Kg2 Bg8
35. R1d2 Rc7 36. Rf2 Rf8 37. Rfd2 Rd8 38. Bg4 Rc6 39. Rd1 Rc7 40. Rf3 Rb7 41.
Rdf1 Rbb8 42. Rd3 Rb6 43. Rf2 Rf8 44. Rfd2 Rd8 45. Bh3 Rc6 46. Rd1 Rb6 47. R3d2
Rc6 48. Kf2 Rb6 49. Ke3 Rc6 50. Rh1 Rf8 51. Bg4 Rd8 52. h5 Rf8 53. Bf5 h6 54.
Rh4 Bf7 55. Rdh2 Rd8 56. Rd2 Rb6 57. Rf2 Rg8 58. Bh7 Rh8 59. Bf5 Rg8 60. Bh7 Rh8
61. Bg6 Be6 62. Bf5 Bf7 63. Rg4 Rg8 64. Bg6 Be6 65. Bf5 1/2-1/2

[Event "World Youth U16 Olympiad"]
[Site "Gyor HUN"]
[Date "2014.12.14"]
[Round "2.9"]
[Board "4"]
[White "Temel, Burcu Melis"]
[Black "Krstulovic, Alex"]
[Result "0-1"]
[BlackTitle "FM"]
[WhiteElo "1878"]
[BlackElo "2099"]
[WhiteTeam "Turkey"]
[BlackTeam "Hungary 3"]
[WhiteFideId "6345492"]
[BlackFideId "760056"]
[EventDate "2014.12.13"]

1. e4 c5 2. Nf3 d6 3. d4 cxd4 4. Nxd4 Nf6 5. f3 e5 6. Nb3 d5 7. Bg5 Be6 8. Bxf6
gxf6 9. exd5 Qxd5 10. Qxd5 Bxd5 11. Nc3 Be6 12. O-O-O Nd7 13. Bb5 Bh6+ 14. Kb1
O-O-O 15. Ne4 f5 16. Nd6+ Kc7 17. Bc4 Rhf8 18. Rhe1 a6 19. a4 Nb6 20. Bxe6 fxe6
21. a5 Rxd6 22. axb6+ Rxb6 23. Rxe5 Bf4 24. Rc5+ Kb8 25. g3 Bd6 26. Rc4 e5 27.
Rh4 Rf7 28. Na5 Kc7 29. Rh6 Bc5 30. Rxb6 Bxb6 31. Nc4 Re7 32. c3 Ba7 33. Kc2 Re6
34. Re1 e4 35. fxe4 fxe4 36. Re2 Kc6 37. Na5+ Kb5 38. Nb3 Kc6 39. Na5+ Kd5 40.
Nxb7 e3 41. Kd3 Ke5 42. Na5 Rd6+ 43. Kc2 Ke4 44. Nb3 Kf3 45. Nc1 h5 46. b4 a5
47. bxa5 Rd8 48. c4 Rd7 49. a6 Rd8 50. Kc3 Rd1 0-1

[Event "World Youth U16 Olympiad"]
[Site "Gyor HUN"]
[Date "2014.12.14"]
[Round "2.10"]
[Board "1"]
[White "Havasi, Gergo"]
[Black "Marek, Matyas"]
[Result "1-0"]
[BlackTitle "FM"]
[WhiteElo "2353"]
[BlackElo "2348"]
[WhiteTeam "Hungary 2"]
[BlackTeam "Czech Republic"]
[WhiteFideId "760293"]
[BlackFideId "335398"]
[EventDate "2014.12.13"]

1. e4 c5 2. Nf3 d6 3. d4 cxd4 4. Nxd4 Nf6 5. Nc3 a6 6. Be3 e5 7. Nb3 Be7 8. f3
Be6 9. Qd2 O-O 10. O-O-O a5 11. a4 Na6 12. g4 Nb4 13. Kb1 Nd7 14. g5 Nb6 15. f4
exf4 16. Bxf4 d5 17. Qf2 Rc8 18. Bb5 Nc4 19. Qg3 Nd6 20. Nd4 Nxb5 21. Ndxb5 d4
22. Rxd4 Qb6 23. Bc7 Qc5 24. Bd6 Bxd6 25. Rxd6 Rc6 26. Rhd1 Rxd6 27. Rxd6 Qc4
28. Rd4 Qf1+ 29. Rd1 Qc4 30. Qc7 Qxc7 31. Nxc7 Bg4 32. Rd2 f6 33. gxf6 Rxf6 34.
b3 Rf1+ 35. Kb2 Kf7 36. N7b5 Ke6 37. Nd6 b6 38. Nc4 Bf3 39. Nxb6 g5 40. Nc4 g4
41. Nxa5 h5 42. Nc4 h4 43. Ka3 g3 44. hxg3 Nxc2+ 45. Rxc2 h3 46. Ne3 Re1 47.
Ned5 Bg2 48. Nf4+ Ke5 49. Nd3+ Ke6 50. Nxe1 h2 51. Nxg2 h1=Q 52. Nf4+ Ke5 53.
Kb2 Qg1 54. Rd2 Kf6 55. Nfe2 Qe1 56. Kc2 Qa1 57. Nc1 Qa3 58. Nd3 1-0

[Event "World Youth U16 Olympiad"]
[Site "Gyor HUN"]
[Date "2014.12.14"]
[Round "2.10"]
[Board "2"]
[White "Pulpan, Jakub"]
[Black "Kozak, Adam"]
[Result "1/2-1/2"]
[WhiteTitle "FM"]
[BlackTitle "FM"]
[WhiteElo "2264"]
[BlackElo "2307"]
[WhiteTeam "Czech Republic"]
[BlackTeam "Hungary 2"]
[WhiteFideId "302759"]
[BlackFideId "753246"]
[EventDate "2014.12.13"]

1. e4 e5 2. Nf3 Nc6 3. Bb5 a6 4. Ba4 Nf6 5. O-O Be7 6. Re1 b5 7. Bb3 d6 8. c3
O-O 9. h3 Na5 10. Bc2 c5 11. d3 Be6 12. Nbd2 Nc6 13. Nf1 Qc7 14. Bg5 Nd7 15.
Bxe7 Nxe7 16. d4 Nf6 17. Ne3 Ng6 18. d5 Bd7 19. Nh2 Nf4 20. Nhg4 Qd8 21. Qf3 g6
22. Kh2 Nxg4+ 23. hxg4 Qh4+ 24. Kg1 h5 25. Qg3 Qg5 26. gxh5 Qxg3 27. fxg3 Nxh5
28. Kf2 Nf6 29. a4 Kg7 30. axb5 axb5 31. Bd3 c4 32. Bc2 Ng4+ 33. Nxg4 Bxg4 34.
Ra3 Rxa3 35. bxa3 Ra8 36. Ra1 Bd7 37. Ke3 Kf6 38. Rf1+ Ke7 39. Ra1 Kd8 40. Kd2
Kc7 41. Rf1 Be8 42. Ra1 Bd7 43. Rf1 Be8 44. Ra1 Kb6 45. g4 Bd7 46. Rf1 Bxg4 47.
Rxf7 Rxa3 48. Rf6 b4 49. Rxd6+ Kb5 50. cxb4 Rg3 51. Rxg6 Kxb4 52. Kc1 Rxg2 53.
Bd1 Bh3 54. Rxg2 1/2-1/2

[Event "World Youth U16 Olympiad"]
[Site "Gyor HUN"]
[Date "2014.12.14"]
[Round "2.10"]
[Board "3"]
[White "Juhasz, Armin"]
[Black "Kula, Dominik"]
[Result "1-0"]
[WhiteTitle "FM"]
[WhiteElo "2268"]
[BlackElo "2018"]
[WhiteTeam "Hungary 2"]
[BlackTeam "Czech Republic"]
[WhiteFideId "724270"]
[BlackFideId "344338"]
[EventDate "2014.12.13"]

1. d4 f5 2. Bg5 g6 3. Nc3 Bg7 4. h4 h6 5. Bf4 Nf6 6. e3 d6 7. Qf3 e6 8. Bc4 Qe7
9. O-O-O O-O 10. Nge2 Nc6 11. a3 Bd7 12. Bg3 Kh7 13. Nf4 d5 14. Bd3 Be8 15. h5
Nxh5 16. Nxh5 gxh5 17. Bf4 Bg6 18. Qh3 Bf6 19. Bg3 Nd8 20. Ne2 Bg5 21. Bh4 c5
22. dxc5 Qxc5 23. Kb1 b5 24. Bxg5 hxg5 25. g4 h4 26. f4 Qe7 27. fxg5 Qxg5 28.
Rdg1 f4 29. exf4 Qe7 30. f5 1-0

[Event "World Youth U16 Olympiad"]
[Site "Gyor HUN"]
[Date "2014.12.14"]
[Round "2.10"]
[Board "4"]
[White "Nova, Michaela"]
[Black "Zsirai, Peter"]
[Result "0-1"]
[WhiteElo "2015"]
[BlackElo "2301"]
[WhiteTeam "Czech Republic"]
[BlackTeam "Hungary 2"]
[WhiteFideId "368466"]
[BlackFideId "727423"]
[EventDate "2014.12.13"]

1. e4 d6 2. d4 Nf6 3. Nc3 c6 4. Nf3 Bg4 5. Be2 e6 6. h3 Bh5 7. Be3 Be7 8. Qd2 d5
9. exd5 cxd5 10. O-O Bxf3 11. Bxf3 O-O 12. Ne2 Nc6 13. c4 dxc4 14. Bxc6 bxc6 15.
Rfc1 Ne4 16. Qc2 Nd6 17. b3 cxb3 18. axb3 Nf5 19. Qxc6 Nxe3 20. fxe3 Bb4 21. Qf3
a5 22. Ng3 Rc8 23. Rxc8 Qxc8 24. Rf1 Qc3 25. Nh5 Be7 26. Rb1 g6 27. Ng3 Bg5 28.
Nf1 h6 29. Kh1 Rd8 30. Qe2 Rb8 31. Qa6 Kg7 32. Qa7 Rb5 33. Qa6 Rb8 34. Qa7 Rc8
35. Qb7 Qd3 36. Re1 Rc2 37. Qa7 Bh4 38. Qxa5 Bxe1 39. Qxe1 Rb2 40. Kg1 Rxb3 41.
Qg3 Rb5 42. Qe1 Rb1 43. Qf2 Rxf1+ 44. Qxf1 Qxe3+ 0-1

[Event "World Youth U16 Olympiad"]
[Site "Gyor HUN"]
[Date "2014.12.14"]
[Round "2.11"]
[Board "1"]
[White "Radovic, Luka"]
[Black "Szostko, Jakub"]
[Result "1/2-1/2"]
[WhiteElo "2352"]
[BlackElo "2168"]
[WhiteTeam "Serbia"]
[BlackTeam "Poland 2"]
[WhiteFideId "911569"]
[BlackFideId "1174282"]
[EventDate "2014.12.13"]

1. Nf3 d5 2. g3 e6 3. c4 dxc4 4. Qa4+ Nd7 5. Qxc4 a6 6. Bg2 b5 7. Qc2 Bb7 8. O-O
Ngf6 9. d3 Be7 10. b3 O-O 11. Bb2 c5 12. Nbd2 Qb6 13. e4 Rfd8 14. a4 Nb8 15. Ne5
Nc6 16. Nxc6 Bxc6 17. Rfc1 Bb7 18. Bc3 Nd7 19. Nf3 Bf6 20. Bxf6 gxf6 21. Qc3 Qd6
22. Rd1 b4 23. Qb2 Ne5 24. Ne1 Qd4 25. Qe2 a5 26. Rac1 Ba6 27. Bf1 Rac8 28. Kh1
Qd6 29. Qh5 Bb7 30. Bg2 Ba6 31. Bf1 Bb7 32. f4 Ng6 33. Bg2 Qd4 34. Qe2 Ba6 35.
Nf3 Qd7 36. Rd2 Qe7 37. Qe3 Rc7 38. Ne1 Rdc8 39. Rdc2 Qd6 40. Bf1 Ne7 41. Nf3
Ng6 42. Rd2 Qe7 43. Bh3 Rd8 44. Ne1 Qd6 45. Rdc2 Bxd3 46. Nxd3 Qxd3 47. Qxd3
Rxd3 48. Rxc5 Rxc5 49. Rxc5 Rxb3 50. Bf1 Rb1 51. Kg2 Ra1 52. Rxa5 b3 53. Rb5
Rxa4 54. Bd3 Ra2+ 55. Kh3 Ra3 56. Kg4 Ne7 57. Bc4 Ra4 58. Bd3 Ra3 59. Bc4 Ra4
60. Bd3 1/2-1/2

[Event "World Youth U16 Olympiad"]
[Site "Gyor HUN"]
[Date "2014.12.14"]
[Round "2.11"]
[Board "2"]
[White "Snihur, Piotr"]
[Black "Radovic, Janko"]
[Result "1-0"]
[WhiteElo "2161"]
[BlackElo "2272"]
[WhiteTeam "Poland 2"]
[BlackTeam "Serbia"]
[WhiteFideId "1157191"]
[BlackFideId "911518"]
[EventDate "2014.12.13"]

1. d4 Nf6 2. c4 g6 3. f3 d5 4. cxd5 Nxd5 5. e4 Nb6 6. Nc3 Bg7 7. Be3 O-O 8. Qd2
Nc6 9. O-O-O Na5 10. b3 c5 11. dxc5 Nd7 12. Bb5 Nc6 13. Nge2 Qa5 14. Nd5 Qa3+
15. Kb1 Nde5 16. Nd4 Nxd4 17. Nxe7+ Kh8 18. Bxd4 b6 19. Qc3 f6 20. f4 Ng4 21. h3
Nh6 22. e5 fxe5 23. Bxe5 Nf5 24. Bd7 Bxd7 25. Rxd7 Qxc5 26. Bxg7+ Nxg7 27. Nxg6+ 1-0

[Event "World Youth U16 Olympiad"]
[Site "Gyor HUN"]
[Date "2014.12.14"]
[Round "2.11"]
[Board "3"]
[White "Djordjevic, Vuk"]
[Black "Kosakowski, Jakub"]
[Result "0-1"]
[WhiteElo "2291"]
[BlackElo "2106"]
[WhiteTeam "Serbia"]
[BlackTeam "Poland 2"]
[WhiteFideId "902098"]
[BlackFideId "1185080"]
[EventDate "2014.12.13"]

1. e4 c5 2. Nf3 d6 3. Bb5+ Bd7 4. Bxd7+ Qxd7 5. O-O g6 6. c3 Bg7 7. d4 Nf6 8.
Qe2 O-O 9. Rd1 cxd4 10. cxd4 Na6 11. Nc3 Nc7 12. b3 Rfc8 13. Bb2 b5 14. d5 b4
15. Na4 Qg4 16. Rd4 Nh5 17. Rc4 Nf4 18. Qf1 Bxb2 19. Nxb2 Nb5 20. Re1 Nc3 21.
Re3 Rxc4 22. Nxc4 Nd1 23. Kh1 Nxe3 24. Nxe3 Qd7 25. Nd4 a5 26. Nc4 Qb7 27. Qd1
Nh5 28. Nc6 Nf6 29. Qc2 Qc7 30. Ne3 Kf8 31. g4 h6 32. f4 Qb6 33. Qd3 Qc5 34. g5
hxg5 35. fxg5 Qc1+ 36. Kg2 Qb2+ 37. Nc2 Ng4 38. Nd4 Rc8 39. Kg1 Qc1+ 40. Kg2 Rc3
41. Qe2 Rxc2 0-1

[Event "World Youth U16 Olympiad"]
[Site "Gyor HUN"]
[Date "2014.12.14"]
[Round "2.11"]
[Board "4"]
[White "Kowalski, Igor"]
[Black "Ivic, Velimir"]
[Result "0-1"]
[WhiteElo "2087"]
[BlackElo "2176"]
[WhiteTeam "Poland 2"]
[BlackTeam "Serbia"]
[WhiteFideId "1172468"]
[BlackFideId "950122"]
[EventDate "2014.12.13"]

1. d4 f5 2. g4 fxg4 3. h3 g3 4. fxg3 Nf6 5. Nf3 d5 6. Bf4 e6 7. e3 Bd6 8. Nbd2
O-O 9. Bd3 Nbd7 10. Qe2 Qe8 11. Ne5 c5 12. c3 c4 13. Bc2 Bxe5 14. dxe5 Nh5 15.
Qg4 b5 16. Nf3 Ndf6 17. Qh4 Ne4 18. Bxe4 dxe4 19. Nd4 Bd7 20. Rf1 Rb8 21. g4
Nxf4 22. exf4 b4 23. Kd2 bxc3+ 24. bxc3 Rb2+ 25. Ke3 Bc6 26. Rfb1 Rg2 27. Rb4 a5
28. Rxc4 Qf7 29. Rf1 Bd5 30. Rc5 Qb7 31. Rf2 Rg1 32. Rb5 Qc7 33. Rc2 Qc4 34. f5
Rf1 35. Rf2 Qd3+ 36. Kf4 Qd2+ 0-1

[Event "World Youth U16 Olympiad"]
[Site "Gyor HUN"]
[Date "2014.12.14"]
[Round "2.12"]
[Board "1"]
[White "Deac, Bogdan-Daniel"]
[Black "Bakalchuk, Johnatan"]
[Result "1/2-1/2"]
[WhiteTitle "FM"]
[BlackTitle "FM"]
[WhiteElo "2391"]
[BlackElo "2300"]
[WhiteTeam "Romania"]
[BlackTeam "Israel"]
[WhiteFideId "1226380"]
[BlackFideId "2810301"]
[EventDate "2014.12.13"]

1. Nf3 c5 2. c4 Nf6 3. Nc3 g6 4. d4 cxd4 5. Nxd4 Nc6 6. e4 d6 7. Be2 Nxd4 8.
Qxd4 Bg7 9. Bg5 O-O 10. Qd2 a5 11. Rd1 Be6 12. b3 Qb6 13. O-O Rfe8 14. Be3 Qb4
15. Qc2 Bd7 16. Bd4 a4 17. Bxf6 axb3 18. axb3 exf6 19. Nd5 Qa5 20. c5 dxc5 21.
Nxf6+ Bxf6 22. Rxd7 Re7 23. Qd1 Rae8 24. Bc4 b5 25. Rxe7 Rxe7 26. Bd5 Qb4 27.
Qd3 Kg7 28. g3 Ra7 29. h4 h5 30. Qf3 c4 31. bxc4 bxc4 32. e5 Bxe5 33. Qe4 Bf6
34. Qxc4 Qxc4 35. Bxc4 Ra1 36. Rxa1 Bxa1 37. Kg2 f6 38. f3 g5 39. Kh3 Be5 40. g4
hxg4+ 41. fxg4 gxh4 42. Kxh4 Bd4 43. g5 fxg5+ 44. Kxg5 1/2-1/2

[Event "World Youth U16 Olympiad"]
[Site "Gyor HUN"]
[Date "2014.12.14"]
[Round "2.12"]
[Board "2"]
[White "Zanan, Evgeny"]
[Black "Dolana, Andrei-Theodor"]
[Result "1/2-1/2"]
[WhiteTitle "FM"]
[WhiteElo "2300"]
[BlackElo "2279"]
[WhiteTeam "Israel"]
[BlackTeam "Romania"]
[WhiteFideId "24101940"]
[BlackFideId "1219804"]
[EventDate "2014.12.13"]

1. e4 c5 2. Nf3 e6 3. d4 cxd4 4. Nxd4 a6 5. c4 Nf6 6. Nc3 Qc7 7. a3 d6 8. Be2
Nbd7 9. O-O Be7 10. Be3 b6 11. f3 Bb7 12. Qd2 O-O 13. Rfc1 Rac8 14. a4 Qb8 15.
a5 bxa5 16. Rxa5 Ne5 17. Ra4 Rfd8 18. Kh1 h6 19. Bf1 d5 20. cxd5 exd5 21. exd5
Nxd5 22. Nxd5 Rxd5 23. Rca1 Rcd8 24. Qf2 Bc5 25. Rc1 Bb6 26. Rb4 Qd6 27. Rxb6
Qxb6 28. Nc6 Qxc6 29. Rxc6 Bxc6 30. h3 Bb5 31. Bxb5 axb5 32. Kh2 Nc4 33. Bf4 g5
34. Bc1 Rd1 35. Qc2 Re1 36. b3 Nd2 37. h4 Re2 1/2-1/2

[Event "World Youth U16 Olympiad"]
[Site "Gyor HUN"]
[Date "2014.12.14"]
[Round "2.12"]
[Board "3"]
[White "Costachi, Mihnea"]
[Black "Grinberg, Eyal"]
[Result "1/2-1/2"]
[WhiteTitle "FM"]
[WhiteElo "2356"]
[BlackElo "2121"]
[WhiteTeam "Romania"]
[BlackTeam "Israel"]
[WhiteFideId "1217518"]
[BlackFideId "2806070"]
[EventDate "2014.12.13"]

1. d4 d5 2. c4 c6 3. cxd5 cxd5 4. Nc3 Nf6 5. Bf4 Nc6 6. e3 a6 7. Bd3 Bg4 8. Nge2
e6 9. Rc1 Be7 10. O-O O-O 11. f3 Bh5 12. Na4 Nd7 13. Qb3 Ra7 14. a3 Bg6 15. Bxg6
hxg6 16. Qd3 Qa5 17. Nec3 Qd8 18. b4 Nb6 19. Nxb6 Qxb6 20. Bg3 Qd8 21. Bf2 Ra8
22. e4 Qd7 23. e5 Na7 24. f4 Rfc8 25. Nb1 Rxc1 26. Rxc1 Rc8 27. Rxc8+ Nxc8 28.
Qc2 Nb6 29. Nd2 Kf8 30. Be3 Ke8 31. Kf2 Kd8 32. g4 Qc8 33. Qxc8+ Kxc8 34. Ke2
Kc7 35. Kd3 Kc6 36. Nf3 Kb5 37. Ng5 Bxg5 38. fxg5 Ka4 39. Bc1 Nd7 40. h4 Kb3 41.
h5 gxh5 42. gxh5 Nf8 43. h6 g6 44. Bd2 Nh7 45. Bc1 b6 46. Bd2 Kxa3 47. Kc2 Ka4
48. Kc3 Kb5 49. Kb3 a5 50. Be3 Nf8 51. Bf2 Nh7 52. Be3 a4+ 53. Ka3 Nf8 54. Bf2
Nh7 55. Be3 Nf8 56. Bf2 Kc4 57. Kxa4 Nh7 58. Be3 Nf8 1/2-1/2

[Event "World Youth U16 Olympiad"]
[Site "Gyor HUN"]
[Date "2014.12.14"]
[Round "2.12"]
[Board "4"]
[White "Kali, Omer"]
[Black "Toma, Radu-Cristian"]
[Result "0-1"]
[WhiteElo "2055"]
[BlackElo "2255"]
[WhiteTeam "Israel"]
[BlackTeam "Romania"]
[WhiteFideId "2812436"]
[BlackFideId "1217992"]
[EventDate "2014.12.13"]

1. e4 c5 2. Nf3 Nc6 3. Bb5 e6 4. O-O Nge7 5. Re1 a6 6. Bf1 Ng6 7. c3 Be7 8. d4
cxd4 9. cxd4 d5 10. exd5 exd5 11. Nc3 O-O 12. g3 Bf6 13. Bg2 Be6 14. Be3 Na5 15.
b3 b5 16. Qd2 h6 17. Rad1 Nc6 18. h3 Rc8 19. Ne5 b4 20. Na4 Ngxe5 21. dxe5 Bxe5
22. Bxd5 Bc3 23. Bxe6 Bxd2 24. Rxd2 Qxd2 25. Bxf7+ Rxf7 26. Bxd2 Nd4 27. Kf1
Rcf8 28. Be3 Nc2 29. Bc5 Nxe1 30. Bxf8 Nd3 31. Bc5 Rc7 32. Be3 Rc2 0-1

[Event "World Youth U16 Olympiad"]
[Site "Gyor HUN"]
[Date "2014.12.14"]
[Round "2.13"]
[Board "1"]
[White "Thybo, Jesper Sondergaard"]
[Black "Sibashvili, Giorgi"]
[Result "1/2-1/2"]
[WhiteTitle "FM"]
[BlackTitle "FM"]
[WhiteElo "2255"]
[BlackElo "2387"]
[WhiteTeam "Denmark"]
[BlackTeam "Georgia"]
[WhiteFideId "1438832"]
[BlackFideId "13602799"]
[EventDate "2014.12.13"]

1. d4 Nf6 2. c4 c5 3. d5 e6 4. Nc3 exd5 5. cxd5 d6 6. Nf3 g6 7. Bf4 a6 8. a4 Bg7
9. h3 O-O 10. e3 Re8 11. Nd2 Qc7 12. Nc4 Bf8 13. Be2 b6 14. O-O Nbd7 15. Qc2 Rb8
16. Bh2 Ne5 17. Na3 Qe7 18. e4 g5 19. Rae1 Bg7 20. Qd2 g4 21. hxg4 Nfxg4 22. Bg3
h5 23. f3 h4 24. Bf4 Nf6 25. Bg5 Ng6 26. Nc4 b5 27. axb5 axb5 28. Na5 Bd7 29.
Nc6 Bxc6 30. dxc6 b4 31. Nd5 Qe6 32. Nc7 Qe5 33. Nxe8 Nxe8 34. Rb1 Qg3 35. Be3
h3 36. Rf2 Be5 37. f4 Bxf4 38. Bxf4 h2+ 39. Kh1 Qxf2 40. Rf1 Qd4 41. Qxd4 cxd4
42. Bxh2 Ne5 43. Bh5 Nxc6 44. Bxf7+ Kg7 45. Bd5 Ne5 46. Rd1 Nf6 47. Rxd4 Nfg4
48. Bxe5+ dxe5 49. Rc4 Ne3 50. Rc7+ Kf6 51. Bb3 Rd8 52. Rf7+ Kg5 53. Rf3 Ng4 54.
Bd5 Rc8 55. Rf1 Rc2 56. b3 Ne3 57. Rf8 Nxd5 58. exd5 Rd2 59. Rb8 e4 60. Kg1 Kf4
61. Kf1 Ke3 62. g4 Rxd5 63. Rxb4 Kd3 64. Ke1 Rg5 65. Ra4 Rxg4 66. b4 Rg1+ 67.
Kf2 Rb1 68. Ra3+ Kd4 69. Ra4 Rb2+ 70. Ke1 Ke3 71. Ra3+ Kf4 72. Rh3 Rxb4 73. Ra3
Rb1+ 74. Ke2 Rh1 75. Rb3 Ra1 76. Rh3 Ra2+ 77. Ke1 1/2-1/2

[Event "World Youth U16 Olympiad"]
[Site "Gyor HUN"]
[Date "2014.12.14"]
[Round "2.13"]
[Board "2"]
[White "Tutisani, Noe"]
[Black "Bjerre, Jonas"]
[Result "1-0"]
[WhiteElo "2301"]
[BlackElo "2073"]
[WhiteTeam "Georgia"]
[BlackTeam "Denmark"]
[WhiteFideId "13602853"]
[BlackFideId "1444948"]
[EventDate "2014.12.13"]

1. e4 c5 2. Nf3 e6 3. d4 cxd4 4. Nxd4 Nc6 5. Nc3 Qc7 6. Be3 a6 7. Qd2 Nf6 8.
O-O-O Be7 9. f3 O-O 10. g4 b5 11. g5 Nh5 12. Nce2 Rd8 13. Ng3 Nxd4 14. Nxh5 Nc6
15. Rg1 Rb8 16. f4 Kh8 17. Qc3 e5 18. f5 Bf8 19. g6 fxg6 20. fxg6 d6 21. Bg5 Re8
22. Nf6 gxf6 23. Bxf6+ Bg7 24. Bxg7+ Kxg7 25. gxh7+ Kh8 26. Qg3 Be6 27. Rxd6
Qxh7 28. Rxc6 Bg8 29. Qg5 1-0

[Event "World Youth U16 Olympiad"]
[Site "Gyor HUN"]
[Date "2014.12.14"]
[Round "2.13"]
[Board "3"]
[White "Jacobsen, Mikkel Manosri"]
[Black "Khomeriki, Nino"]
[Result "1/2-1/2"]
[BlackTitle "WFM"]
[WhiteElo "2167"]
[BlackElo "2141"]
[WhiteTeam "Denmark"]
[BlackTeam "Georgia"]
[WhiteFideId "1444514"]
[BlackFideId "13603191"]
[EventDate "2014.12.13"]

1. d4 d5 2. Bf4 Nf6 3. e3 c5 4. c3 Nc6 5. Nf3 Qb6 6. Qb3 c4 7. Qxb6 axb6 8. Na3
Na7 9. Be2 Bf5 10. Ne5 e6 11. g4 Bxa3 12. bxa3 Bc2 13. Kd2 Ba4 14. Bf3 Ke7 15.
g5 Ne8 16. Rab1 f6 17. gxf6+ gxf6 18. Rxb6 fxe5 19. Rxb7+ Kd8 20. Bxe5 Rf8 21.
Bf4 Bd7 22. Rhb1 Nc6 23. Bg5+ Kc8 24. Bf4 Rxf4 25. exf4 Rxa3 26. f5 Nd6 27. fxe6
Bxe6 28. Rxh7 Rxa2+ 29. Ke3 Bf5 30. Rh8+ Kc7 31. Rg1 Rc2 32. Rg7+ Kb6 33. Bxd5
Rxc3+ 34. Kf4 Nxd4 35. Ke5 N4b5 36. Rh6 Rc2 37. Rb7+ Kc5 38. Rxb5+ Nxb5 39. Rc6+
Kb4 40. Rxc4+ Rxc4 41. Bxc4 Kxc4 42. Kxf5 Kd5 43. h4 Nd6+ 44. Kf6 Ne4+ 45. Kg6
Nxf2 46. h5 Ng4 47. Kg5 Ke5 48. Kxg4 Kf6 49. h6 Kg6 50. h7 Kxh7 1/2-1/2

[Event "World Youth U16 Olympiad"]
[Site "Gyor HUN"]
[Date "2014.12.14"]
[Round "2.13"]
[Board "4"]
[White "Ghvamberia, Nika"]
[Black "Vangsgaard, Freja"]
[Result "1-0"]
[WhiteElo "2122"]
[BlackElo "1801"]
[WhiteTeam "Georgia"]
[BlackTeam "Denmark"]
[WhiteFideId "13602128"]
[BlackFideId "1436589"]
[EventDate "2014.12.13"]

1. e4 d5 2. exd5 Qxd5 3. Nc3 Qa5 4. d4 Nf6 5. Bd2 c6 6. Bd3 Bg4 7. f3 Bh5 8.
Nge2 Bg6 9. Ne4 Qc7 10. O-O Nbd7 11. Bf4 Qd8 12. N2g3 Nd5 13. Bg5 f6 14. Bd2 e5
15. c4 Nc7 16. Qb3 Rb8 17. Rfe1 Be7 18. Bb4 c5 19. dxc5 Nxc5 20. Nxc5 Bxc5+ 21.
Bxc5 Qxd3 22. Qa4+ Qd7 23. Qxa7 Na6 24. f4 Qc7 25. Ba3 Kf7 26. f5 Qxc4 27. fxg6+
hxg6 28. Ne4 Kg8 29. Rac1 Qb5 30. Nd6 Qd7 31. Red1 Kh7 32. Rd3 Kg8 33. Qb6 Rh4
34. b4 Qf5 1-0